| 000 | 00469nam a2200157 i 4500 | ||
|---|---|---|---|
| 001 | 78040 | ||
| 003 | ES-MaACL | ||
| 007 | t| | ||
| 008 | 041008s1946 xxk ||||1| eng d | ||
| 100 | 1 |
_aHanbury, Harold Greville. _961710 |
|
| 245 | 1 | 0 |
_aModern equity _b: the principles of equity / _cby H.G. Hanbury. |
| 250 | _a4st ed. | ||
| 260 |
_aLondon : _bStevens & Sons, _c1946 ( _fC.F. Roworth Ltd.) |
||
| 300 |
_aXLI, 740 p. ; _c26 cm. |
||
| 852 |
_aES-MaACL _jE-2330 _bR.24140 |
||
| 999 |
_c78040 _d78040 |
||